| 000 | 00671nam a22002177a 4500 | ||
|---|---|---|---|
| 999 |
_c7967 _d7967 |
||
| 003 | OSt | ||
| 005 | 20220810095515.0 | ||
| 008 | 220810b ||||| |||| 00| 0 eng d | ||
| 020 | _a9780702076398 | ||
| 040 | _cNLM | ||
| 082 |
_aWP100 _bE74s 2019 |
||
| 100 |
_aIan, Symonds ; Sabaratnam, Arulkumaran _916183 |
||
| 245 | _aEssential obstetrics and gynaecology | ||
| 250 | _aSixth edition | ||
| 260 |
_aEdinburgh : _b Elsevier, _c2019 |
||
| 300 |
_axiii, 460 pages : _b illustrations (some colour) ; _c24 cm |
||
| 504 | _aIncludes bibliographical references and index. | ||
| 650 |
_aGenital Diseases, Female. _93420 |
||
| 650 |
_aObstetrics. _95 |
||
| 942 |
_2ddc _cBOOK |
||